01169cam a22002651 4500001001300000003000400013005001700017008004100034010001700075035001900092040004100111042001200152050002300164082001200187100003200199245023500231260007100466300003000537410006600567501014000633504002800773650003000801650005500831999001700886e 50000036 DLC20260227111234.0770426s1950 xx 000 0 eng c ae 50000036  a(OCoLC)2918051 aU.S. Office of EducationcNcCuWdDLC apremarc00aL111b.A614 no. 12 a379.1521 aBeach, Fred Francis,d1905-14aThe functions of state departments of education,bwith an inventory of the services provided by the 48 departments,cby Fred F. Beach in cooperation with the Study Commission of the National Council of Chief State School Officers. a[Washington]bFederal Security Agency, Office of Educationc[1950] aix, 70 p.bdiagr.c29 cm.10aUnited States.bOffice of Education.tMisc[ellaneous]vno. 12 aWith: FM for education / William Dow Boutwell. Washington : U.S. Govt. Print.Off., 1944. Bound together subsequent to publication.5DLC aBibliography: p. 24-25. 0aEducationzUnited States. 0aSchool management and organizationzUnited States. c22136d22136